[Event "Wch Seniors 65 (Women) 29th"]
[Site "Bucharest"]
[Date "2019.11.14"]
[Round "3"]
[White "Serjmyadag, Damdin"]
[Black "Hrivnakova, Anna"]
[Result "1/2-1/2"]
[WhiteElo "1874"]
[BlackElo "1548"]
[PlyCount "125"]
[EventDate "2019.11.12"]
[EventType "swiss"]
[EventRounds "11"]
[EventCountry "ROU"]
[SourceTitle "CBM 193 Extra"]
[Source "ChessBase"]
[SourceDate "2020.01.31"]
[SourceVersion "1"]
[SourceVersionDate "2020.01.31"]
[SourceQuality "1"]

1. e4 c5 2. Nf3 d6 3. d4 cxd4 4. Nxd4 Nf6 5. Nc3 a6 6. Be2 e6 7. Be3 Be7 8. 0-0 0-0 9. f4 Nbd7 10. Bf3 Qc7 11. Qe2 Rb8 12. Rad1 b5 13. a3 Bb7 14. g4 g6 15. g5 Ne8 16. Qd2 Ng7 17. Nde2 f6 18. gxf6 Nxf6 19. Ng3 Rbd8 20. Qf2 Nd7 21. Qe2 Nf6 22. Qg2 Nd7 23. Qh3 Bf6 24. Nge2 Nb6 25. Bxb6 Qxb6+ 26. Kh1 Bc8 27. Bg4 Qc5 28. Rd3 d5 29. exd5 exd5 30. Bxc8 Rxc8 31. Rxd5 Qc6 32. Qg2 Nf5 33. Rd3 Qxg2+ 34. Kxg2 Bxc3 35. Nxc3 Rc4 36. Rf2 Nh4+ 37. Kg3 Nf5+ 38. Kh3 Kg7 39. b3 Rc6 40. Ne4 Rf7 41. Ng5 Rfc7 42. Rff3 h6 43. Ne4 Rxc2 44. b4 R2c6 45. Nc5 Ra7 46. Rd8 Rd6 47. Rd3 Rxd3+ 48. Rxd3 a5 49. bxa5 Rxa5 50. Ne6+ Kf6 51. Nc7 Ra4 52. Nd5+ Ke6 53. Nc7+ Kf6 54. Nxb5 Rxf4 55. Nc3 Rh4+ 56. Kg2 Ke6 57. a4 Rb4 58. h3 g5 59. Kf2 Rb2+ 60. Kf3 h5 61. Ne4 Nh4+ 62. Ke3 Nf5+ 63. Kf3 1/2-1/2

[Event "Wch Seniors 65 (Women) 28th"]
[Site "Bled"]
[Date "2018.11.26"]
[Round "8"]
[White "Tsygankova, Enni"]
[Black "Hrivnakova, Anna"]
[Result "1/2-1/2"]
[WhiteElo "1760"]
[BlackElo "1557"]
[PlyCount "67"]
[EventDate "2018.11.18"]
[EventType "swiss"]
[EventRounds "11"]
[EventCountry "SLO"]
[SourceTitle "CBM 187 Extra"]
[Source "ChessBase"]
[SourceDate "2018.11.04"]
[SourceVersion "1"]
[SourceVersionDate "2018.11.04"]
[SourceQuality "1"]

1. d4 Nf6 2. Bf4 e6 3. e3 d5 4. Nf3 Nbd7 5. h3 Be7 6. Bd3 a6 7. 0-0 0-0 8. Nbd2 c5 9. c3 c4 10. Be2 b5 11. a3 Bb7 12. Qc2 h6 13. Ne5 Nxe5 14. Bxe5 Bd6 15. Bxd6 Qxd6 16. Nf3 Rae8 17. Ne5 Nd7 18. Nxd7 Qxd7 19. Bf3 f5 20. Bh5 Rd8 21. f4 Qe7 22. Qf2 Rf6 23. Qg3 Bc6 24. Rf3 Be8 25. Bxe8 Qxe8 26. Qh4 Rg6 27. Raf1 Rd7 28. Rg3 Rxg3 29. Qxg3 Kh7 30. Rf3 g6 31. Qh4 Rg7 32. Kh2 Qe7 33. Qxe7 Rxe7 34. g4 1/2-1/2

[Event "Trebic Highlands op 12th"]
[Site "Trebic"]
[Date "2018.09.27"]
[Round "6"]
[White "Aird, Ian"]
[Black "Hrivnakova, Anna"]
[Result "1/2-1/2"]
[WhiteElo "1857"]
[BlackElo "1538"]
[PlyCount "70"]
[EventDate "2018.09.22"]
[EventType "swiss"]
[EventRounds "9"]
[EventCountry "CZE"]
[SourceTitle "CBM 186 Extra"]
[Source "ChessBase"]
[SourceDate "2018.08.24"]
[SourceVersion "1"]
[SourceVersionDate "2018.08.24"]
[SourceQuality "1"]

1. e4 c5 2. Nf3 d6 3. Bb5+ Bd7 4. Bxd7+ Nxd7 5. Qe2 a6 6. 0-0 g6 7. c3 Bg7 8. d4 cxd4 9. cxd4 Ngf6 10. Nc3 0-0 11. Rd1 Qc7 12. e5 dxe5 13. dxe5 Ng4 14. e6 Nde5 15. Bf4 fxe6 16. Nxe5 Nxe5 17. Bg3 Rf5 18. Rac1 Qc4 19. Qxc4 Nxc4 20. b3 Ne5 21. Ne4 Nc6 22. Nc5 Nd4 23. Kf1 b5 24. Re1 Kf7 25. Nb7 Rd5 26. Rc7 Nf5 27. Bf4 Bf6 28. Nc5 e5 29. Bc1 Rad8 30. Nb7 R8d7 31. Rxd7 Rxd7 32. Nc5 Ra7 33. Rd1 Nd4 34. Be3 Nc2 35. Bc1 Nd4 1/2-1/2

[Event "Valasska Bystrice op"]
[Site "Valasska Bystrice"]
[Date "2017.09.11"]
[Round "4"]
[White "Hrivnakova, Anna"]
[Black "Korinek, Jaroslav"]
[Result "1-0"]
[WhiteElo "1513"]
[BlackElo "1558"]
[PlyCount "55"]
[EventDate "2017.09.09"]
[EventType "swiss"]
[EventRounds "9"]
[EventCountry "CZE"]
[SourceTitle "CBM 180 Extra"]
[Source "ChessBase"]
[SourceDate "2017.10.06"]
[SourceVersion "1"]
[SourceVersionDate "2017.10.06"]
[SourceQuality "1"]

1. e4 c5 2. Nf3 Nc6 3. d4 cxd4 4. Nxd4 Nxd4 5. Qxd4 e6 6. Nc3 a6 7. Bd3 h6 8. 0-0 Qf6 9. e5 Qd8 10. Ne4 Be7 11. Nd6+ Bxd6 12. exd6 Nf6 13. b3 Rb8 14. Bb2 b5 15. g3 Bb7 16. f4 Bc6 17. Qe5 Rg8 18. h3 Kf8 19. Rae1 Qb6+ 20. Bd4 Qb7 21. Rf2 Qc8 22. f5 Qe8 23. Qc5 Bd5 24. fxe6 Bxe6 25. Bf5 Qc8 26. Qe5 Ke8 27. Bxe6 dxe6 28. Qf4 1-0

[Event "Wch Seniors 65 (Women) 26th"]
[Site "Marianske Lazne"]
[Date "2016.11.27"]
[Round "7"]
[White "Hrivnakova, Anna"]
[Black "O'Neill, Julie Anne"]
[Result "1/2-1/2"]
[WhiteElo "1555"]
[BlackElo "1774"]
[PlyCount "83"]
[EventDate "2016.11.19"]
[EventType "swiss"]
[EventRounds "9"]
[EventCountry "CZE"]
[SourceTitle "CBM 175 Extra"]
[Source "ChessBase"]
[SourceDate "2016.12.12"]
[SourceVersion "1"]
[SourceVersionDate "2016.12.12"]
[SourceQuality "1"]

1. d4 Nf6 2. c4 c5 3. Bg5 cxd4 4. Bxf6 exf6 5. Qxd4 Nc6 6. Qd1 Bb4+ 7. Nc3 0-0 8. e3 Ne5 9. Qb3 a5 10. a3 Bxc3+ 11. Qxc3 d6 12. h3 Be6 13. f4 Ng6 14. Nf3 Re8 15. Bd3 Bd7 16. Bxg6 fxg6 17. Kf2 Rc8 18. Qd4 Bc6 19. Rad1 Re4 20. Qxd6 Qxd6 21. Rxd6 Rxc4 22. Rhd1 Rc2+ 23. R1d2 Be4 24. Rxc2 Rxc2+ 25. Rd2 Rc7 26. g3 f5 27. Ne5 Kf8 28. h4 Ke7 29. Nf3 Bxf3 30. Kxf3 h5 31. Rd5 b6 32. Rb5 Rc6 33. a4 Kd6 34. b4 axb4 35. Rxb4 Kc5 36. Rb5+ Kc4 37. Ke2 Rd6 38. Rb1 Kc3 39. Kf3 Kc4 40. Rb5 Re6 41. Ke2 Rd6 42. Rb1 1/2-1/2

[Event "Brno op 6th"]
[Site "Brno"]
[Date "2015.11.17"]
[Round "4"]
[White "Friedel, Roland"]
[Black "Hrivnakova, Anna"]
[Result "1-0"]
[WhiteElo "1696"]
[BlackElo "1589"]
[PlyCount "99"]
[EventDate "2015.11.14"]
[EventType "swiss"]
[EventRounds "9"]
[EventCountry "CZE"]
[SourceTitle "CBM 169 Extra"]
[Source "ChessBase"]
[SourceDate "2015.12.18"]
[SourceVersion "1"]
[SourceVersionDate "2015.12.18"]
[SourceQuality "1"]

1. d4 Nf6 2. Nf3 g6 3. Bg5 Bg7 4. Nbd2 d5 5. e3 Bg4 6. Bd3 Nbd7 7. h3 Be6 8. 0-0 c5 9. c3 Qc7 10. Re1 h6 11. Bf4 Qb6 12. Qc2 g5 13. Bh2 c4 14. Bf1 Qc6 15. g4 Ne4 16. Bg2 f5 17. Nxe4 fxe4 18. Nd2 0-0 19. f4 exf3 20. Bxf3 Bf7 21. e4 e5 22. dxe5 Bxe5 23. exd5 Bxh2+ 24. Kxh2 Qd6+ 25. Kg1 Qc5+ 26. Kg2 Kg7 27. Ne4 Qb6 28. Ng3 Bg6 29. Qe2 Qf6 30. Qe7+ Qxe7 31. Rxe7+ Rf7 32. Rxf7+ Kxf7 33. Re1 Re8 34. Rxe8 Kxe8 35. Be4 Kf7 36. Bxg6+ Kxg6 37. Ne4 b5 38. Kf2 h5 39. Ke3 hxg4 40. hxg4 Ne5 41. Nf2 a5 42. Kd4 Nd7 43. Ne4 Kh6 44. d6 Kg6 45. Kd5 b4 46. Kc6 bxc3 47. bxc3 Ne5+ 48. Kc7 Nd3 49. d7 Nf4 50. Nd6 1-0

[Event "Piestany op"]
[Site "Piestany"]
[Date "2014.11.18"]
[Round "5"]
[White "Hrivnakova, Anna"]
[Black "Malinovsky, Jozef"]
[Result "1/2-1/2"]
[WhiteElo "1607"]
[BlackElo "1813"]
[PlyCount "105"]
[EventDate "2014.11.15"]
[EventType "swiss"]
[EventRounds "8"]
[EventCountry "SVK"]
[SourceTitle "EXT 2023"]
[Source "ChessBase"]
[SourceDate "2022.10.05"]
[SourceVersion "1"]
[SourceVersionDate "2022.10.05"]
[SourceQuality "1"]

1. Nf3 Nf6 2. d4 d5 3. c4 e6 4. Bg5 Bb4+ 5. Nc3 c5 6. a3 Bxc3+ 7. bxc3 cxd4 8. Bxf6 Qxf6 9. cxd4 dxc4 10. Qa4+ Bd7 11. Qxc4 0-0 12. e4 Rc8 13. Qd3 a6 14. Qe3 Qd8 15. Qd2 Qc7 16. Be2 Qc3 17. Qxc3 Rxc3 18. 0-0 a5 19. Rfc1 Rxc1+ 20. Rxc1 b5 21. Ne5 Be8 22. d5 Nd7 23. Nc6 exd5 24. exd5 Kf8 25. Bxb5 Nb6 26. Rd1 Bd7 27. a4 f6 28. f3 Nc8 29. d6 Nb6 30. Kf2 h6 31. g3 Kf7 32. g4 g5 33. Re1 Kf8 34. Re7 Bxc6 35. Bxc6 Rd8 36. Rb7 Nc4 37. d7 Ne5 38. Bb5 Ke7 39. Ra7 Nxd7 40. Bxd7 Rxd7 41. Rxa5 Ke6 42. Rb5 Rd2+ 43. Kg3 Ra2 44. a5 Ra3 45. Rb6+ Ke5 46. a6 Ra5 47. h3 Ra2 48. Rb5+ Ke6 49. Rb6+ Ke5 50. h4 Ra1 51. hxg5 hxg5 52. Rc6 Ra4 53. Rb6 1/2-1/2

[Event "Tatry op"]
[Site "Tatranske Zruby"]
[Date "2012.09.25"]
[Round "3"]
[White "Hrivnakova, Anna"]
[Black "Szaraz, Vojtech"]
[Result "0-1"]
[WhiteElo "1698"]
[BlackElo "1936"]
[PlyCount "106"]
[EventDate "2012.09.23"]
[EventType "swiss"]
[EventRounds "9"]
[EventCountry "SVK"]
[SourceTitle "EXT 2023"]
[Source "ChessBase"]
[SourceDate "2022.10.05"]
[SourceVersion "1"]
[SourceVersionDate "2022.10.05"]
[SourceQuality "1"]

1. Nf3 Nf6 2. c4 d5 3. d4 e6 4. Bg5 Be7 5. Nc3 0-0 6. e3 b6 7. Be2 Bb7 8. 0-0 Nbd7 9. Rc1 a6 10. Qb3 dxc4 11. Qxc4 b5 12. Qd3 c5 13. b3 Rc8 14. e4 cxd4 15. Qxd4 Nc5 16. e5 Nd5 17. Bxe7 Qxe7 18. Nxd5 Bxd5 19. Qg4 h6 20. Qb4 Qa7 21. Qh4 Rfe8 22. h3 Nd7 23. Rxc8 Rxc8 24. Qe7 Qc7 25. Qa3 Nxe5 26. Qxa6 Nxf3+ 27. Bxf3 Bxf3 28. gxf3 Qc5 29. b4 Qg5+ 30. Kh2 Qf4+ 31. Kg2 Rd8 32. Qxb5 Rd5 33. Qe8+ Kh7 34. Qc6 Qxb4 35. Qc2+ g6 36. Qe4 Qa3 37. Qe2 Ra5 38. Ra1 Qc3 39. Rd1 Rg5+ 40. Kh1 Qc6 41. Qe4 Qa6 42. Rg1 Rxg1+ 43. Kxg1 Qxa2 44. h4 Qd5 45. Kg2 Kg7 46. Kg3 h5 47. Qe3 Qf5 48. Qe4 Kf6 49. Qd4+ Qe5+ 50. Qxe5+ Kxe5 51. f4+ Ke4 52. f3+ Ke3 53. f5 gxf5 0-1

[Event "SVK-ch Seniors-A"]
[Site "Tatranske Matliare"]
[Date "2011.05.??"]
[Round "5"]
[White "Curidlo, Jan1111"]
[Black "Hrivnakova, Anna"]
[Result "1-0"]
[WhiteElo "1846"]
[BlackElo "1737"]
[PlyCount "59"]
[EventDate "2011.05.27"]
[EventType "swiss"]
[EventRounds "9"]
[EventCountry "SVK"]
[SourceTitle "EXT 2023"]
[Source "ChessBase"]
[SourceDate "2022.10.05"]
[SourceVersion "1"]
[SourceVersionDate "2022.10.05"]
[SourceQuality "1"]

1. e4 c5 2. Nf3 d6 3. d4 cxd4 4. Nxd4 Nf6 5. Nc3 a6 6. Bg5 e6 7. f4 Be7 8. Qf3 Nbd7 9. 0-0-0 0-0 10. g4 e5 11. Nf5 exf4 12. Bxf4 d5 13. Nxe7+ Qxe7 14. exd5 Nb6 15. h3 Qd8 16. d6 Nfd7 17. Ne4 Re8 18. Bd3 Ne5 19. Bxe5 Rxe5 20. Kb1 Be6 21. Rhf1 Qd7 22. Nc3 Rc8 23. Bf5 Rc6 24. Qd3 g6 25. Bxe6 Rxe6 26. Ne4 Rxe4 27. Qxe4 Rxd6 28. Rxd6 Qxd6 29. Qe8+ Kg7 30. Rxf7+ 1-0

[Event "Tabor op"]
[Site "Tabor"]
[Date "2008.07.27"]
[Round "1"]
[White "Hrivnakova, Anna"]
[Black "Lorenc, Tomas"]
[Result "0-1"]
[WhiteElo "1733"]
[BlackElo "2109"]
[PlyCount "72"]
[EventDate "2008.07.26"]
[EventType "swiss"]
[EventRounds "9"]
[EventCountry "CZE"]
[SourceTitle "CBM 125 Extra"]
[Source "ChessBase"]
[SourceDate "2008.09.01"]
[SourceVersion "1"]
[SourceVersionDate "2008.09.01"]
[SourceQuality "1"]

1. Nf3 Nf6 2. g3 b5 3. Bg2 Bb7 4. d3 d5 5. Nbd2 c5 6. d4 cxd4 7. Nxd4 Qb6 8. N2f3 Nbd7 9. Bf4 g6 10. 0-0 Bg7 11. Qd2 Ne4 12. Qb4 e5 13. Nxe5 Bxe5 14. Bxe5 Nxe5 15. Qxb5+ Qxb5 16. Nxb5 Ke7 17. Rfe1 a6 18. Nd4 Nc6 19. Nb3 f5 20. Rad1 Rhd8 21. f3 Nf6 22. Nc5 Rab8 23. a3 Na5 24. b3 Rdc8 25. Nxb7 Rxb7 26. e4 Rxc2 27. exd5+ Kf7 28. d6 Nxb3 29. f4 Rd7 30. Rb1 Nc5 31. Rb6 Nfe4 32. Bxe4 fxe4 33. Rc6 Ke6 34. Rd1 e3 35. Re1 e2 36. Kf2 Nd3+ 0-1